Top city firms unite (Record no. 66381)

MARC details
000 -LEADER
fixed length control field 00800cam a2200217 4500
001 - CONTROL NUMBER
control field WB3711-31
008 - FIXED-LENGTH DATA ELEMENTS--GENERAL INFORMATION
fixed length control field 000000n2001 000 0 eng u
035 ## - SYSTEM CONTROL NUMBER
System control number (Sirsi) u111414
245 ## - TITLE STATEMENT
Title Top city firms unite
260 ## - PUBLICATION, DISTRIBUTION, ETC.
Date of publication, distribution, etc. 2001
490 ## - SERIES STATEMENT
Series statement Law Society's Gazette
Volume/sequential designation 98(10) 8 March 2001, 8(1)
520 ## - SUMMARY, ETC.
Summary, etc. A group of 15 law firms with support from the British Property Federation has produced the first set of standard pre-contract enquiries for the commercial property sector in a move to reduce property transaction time delays. The draft paper is available for consultation until 4 May.
590 ## - LOCAL NOTE (RLIN)
Local note WB
650 ## - SUBJECT ADDED ENTRY--TOPICAL TERM
Topical term or geographic name entry element PROPERTY TRANSACTIONS
650 ## - SUBJECT ADDED ENTRY--TOPICAL TERM
Topical term or geographic name entry element PRE-CONTRACT ENQUIRIES
650 ## - SUBJECT ADDED ENTRY--TOPICAL TERM
Topical term or geographic name entry element CONVEYANCING
650 ## - SUBJECT ADDED ENTRY--TOPICAL TERM
Topical term or geographic name entry element LAW FIRMS
650 ## - SUBJECT ADDED ENTRY--TOPICAL TERM
Topical term or geographic name entry element BPF
690 ## - LOCAL SUBJECT ADDED ENTRY--TOPICAL TERM (OCLC, RLIN)
Topical term or geographic name as entry element PROPERTY
942 ## - ADDED ENTRY ELEMENTS (KOHA)
Suppress in OPAC 0
Holdings
Withdrawn status Lost status Source of classification or shelving scheme Damaged status Not for loan Home library Current library Shelving location Date acquired Total Checkouts Full call number Barcode Date last seen Copy number Price effective from Koha item type
    Dewey Decimal Classification     London London News article 14/03/2001   WB3711-31 111414-1001 06/08/2019 1 06/08/2019 News article